Engineering economy (Record no. 1549)

000 -LEADER
fixed length control field 00674nam a22002294a 4500
001 - CONTROL NUMBER
control field 1549
003 - CONTROL NUMBER IDENTIFIER
control field BD-DhUET
008 - FIXED-LENGTH DATA ELEMENTS--GENERAL INFORMATION
fixed length control field 000424s2001 njua b 001 0 eng
020 ## - INTERNATIONAL STANDARD BOOK NUMBER
International Standard Book Number 013028128X
040 ## - CATALOGING SOURCE
Original cataloging agency DLC
Transcribing agency DLC
Modifying agency BD-DhUET
082 00 - DEWEY DECIMAL CLASSIFICATION NUMBER
Classification number 620.02
Item number THU/2001
100 ## - MAIN ENTRY--PERSONAL NAME
Personal name Thuesen, G. J.
245 10 - TITLE STATEMENT
Title Engineering economy
Statement of responsibility, etc. by G.J. Thuesen and W.J. Fabrycky
250 ## - EDITION STATEMENT
Edition statement 9th ed.
260 ## - PUBLICATION, DISTRIBUTION, ETC. (IMPRINT)
Place of publication, distribution, etc. New Jersy
Name of publisher, distributor, etc. Prentice Hall
Date of publication, distribution, etc. 2001
300 ## - PHYSICAL DESCRIPTION
Extent xiv, 637 p.
Other physical details ill.
Dimensions 25 cm.
490 ## - SERIES STATEMENT
Series statement Prentice hall international series in industrial and sytems engineering
504 ## - BIBLIOGRAPHY, ETC. NOTE
Bibliography, etc Includes bibliographies
650 #0 - SUBJECT ADDED ENTRY--TOPICAL TERM
Topical term or geographic name as entry element Engineering economy
700 1# - ADDED ENTRY--PERSONAL NAME
Personal name Fabrycky, W. J.
942 ## - ADDED ENTRY ELEMENTS (KOHA)
Koha item type General Book
Holdings
Piece designation (barcode) Koha full call number Not for loan Location (home branch) Withdrawn status Date acquired Copy number Sublocation or collection (holding branch) Shelving location Koha item type Source of classification or shelving scheme Koha issues (times borrowed) Lost status Koha date last seen Damaged status Koha date last borrowed Koha normalized classification for sorting Price effective from
102596620.02/THU/2001 Central Library, BUET 2014-09-081Central Library, BUETCirculation sectionGeneral Book   2014-09-08  620_000000000000000_02THU20012014-09-08
102594620.02/THU/2001 Central Library, BUET 2014-09-082Central Library, BUETCirculation sectionGeneral Book   2014-09-08  620_000000000000000_02THU20012014-09-08
102590620.02/THU/2001 Central Library, BUET 2014-09-083Central Library, BUETCirculation sectionGeneral Book 1 2021-12-20 2021-11-29620_000000000000000_02THU20012014-09-08
102595620.02/THU/2001 Central Library, BUET 2014-09-084Central Library, BUETCirculation sectionGeneral Book   2014-09-08  620_000000000000000_02THU20012014-09-08
102589620.02/THU/2001 Central Library, BUET 2014-09-085Central Library, BUETCirculation sectionGeneral Book   2014-09-08  620_000000000000000_02THU20012014-09-08
102588620.02/THU/2001 Central Library, BUET 2014-09-086Central Library, BUETCirculation sectionGeneral Book   2014-09-08  620_000000000000000_02THU20012014-09-08
102592620.02/THU/2001 Central Library, BUET 2014-09-088Central Library, BUETCirculation sectionGeneral Book 2 2022-04-16 2022-03-21620_000000000000000_02THU20012014-09-08
102591620.02/THU/2001 Central Library, BUET 2014-09-089Central Library, BUETCirculation sectionGeneral Book   2014-09-08  620_000000000000000_02THU20012014-09-08
102593620.02/THU/2001 Central Library, BUET 2014-09-1510Central Library, BUETCirculation sectionGeneral Book   2014-09-15  620_000000000000000_02THU20012014-09-15
101877620.02/THU/2001 Central Library, BUET 2014-09-2711Central Library, BUETCirculation sectionGeneral Book 3 2021-12-20 2021-12-04620_000000000000000_02THU20012014-09-27
112838620.02/THU/2001 Central Library, BUET 2014-10-1912Central Library, BUETCirculation sectionGeneral Book   2014-10-19  620_000000000000000_02THU20012014-10-19
101878620.02/THU/2001 Central Library, BUET 2014-11-2313Central Library, BUETCirculation sectionGeneral Book   2014-11-23  620_020000000000000_THU_20012014-11-23